000
00306nam a22001337a 4500
008
170725b xxu||||| |||| 00| 0 eng d
020
_a
9780975841969
041
_a
eng
080
_a
004
100
_a
29
101
_a
SHK
245
_a
THE PRINCIPLES OF BEAUTIFUL WEB DESIGN
_c
BEAIRD,J
942
_2
udc
_c
BK
999
_c
21847
_d
21847